| 000 | 00478nam a22001697a 4500 | ||
|---|---|---|---|
| 003 | NUST | ||
| 005 | 20220818143417.0 | ||
| 008 | 220818b ||||| |||| 00| 0 eng d | ||
| 020 | _a9780991081424 | ||
| 038 | _aAzhar | ||
| 082 |
_a658.85 _bBIE |
||
| 100 |
_aBiesenbach, Rob _998067 |
||
| 245 |
_aUnleash the power of storytelling : win hearts, change minds, get results _cRob Biesenbach |
||
| 260 |
_aEvanston, IL _bEastlawn Media _c2018 |
||
| 300 | _a165p | ||
| 942 |
_2ddc _cLC |
||
| 999 |
_c591222 _d591222 |
||